O Supremo Tribunal Federal e as comissões parlamentares de inquérito / (Record no. 1284)

MARC details
000 -LÍDER
Campo Fixo de Controle 00587nam a2200193 a 4500
001 - NÚMERO DE CONTROLE
Campo de Controle 1284
003 - IDENTIFICAÇÃO DO NÚMERO DE CONTROLE
Campo de Controle BR-CuiBMT
005 - DATA E HORA DA ÚLTIMA ATUALIZAÇÃO
Campo de Controle 20231204171746.0
008 - DADOS FIXOS
Dados Fixos 231204s2006 D 001 0 POR d
040 ## - AGÊNCIA CATALOGADORA
Código da Agência Catalogadora BR-CuiBMT
Agência que transcreveu o registro BR-CuiBMT
080 ## - Nº DA CLASSIFICAÇÃO DECIMAL UNIVERSAL
Nº edição CDU 2007
Nº Class. CDU 347.991
090 ## - NÚMERO DE CHAMADA
Nº classificação 347.991
Cutter S959
245 02 - TÍTULO PRINCIPAL
Título principal O Supremo Tribunal Federal e as comissões parlamentares de inquérito /
Indicação de responsabilidade Supremo Tribunal Federal.
260 ## - PUBLICAÇÃO, DISTRIBUIÇÃO, ETC.
Local de publicação Brasília :
Editora Supremo Tribunal Federal,
Data 2006.
300 ## - DESCRIÇÃO FÍSICA
N. páginas ou volumes 927 p. ;
504 ## - NOTA DE BIBLIOGRAFIA, ETC.
Nota de bibliografia Inclui bibliografia e índice.
650 ## - ASSUNTO TÓPICO
Cabeçalho tópico ou nome geográfico Tribunal Supremo
Subdivisão geográfica Brasil
942 ## - ELEMENTOS DE ENTRADA ADICIONAIS (KOHA)
Fonte de classificação ou esquema de arquivamento Classificação Decimal Universal
Tipo de item do Koha Livros
Holdings
Estado: removido Estado: perdido Fonte de classificação ou esquema de arquivamento Estado: danificado Indisponível para empréstimo Localização permanente Localização atual Data de aquisição Total Checkouts Número de Chamada completo Código de barras Date last seen Número do exemplar Preço efetivo a partir de Tipo de item (Koha)
    Classificação Decimal Universal     Biblioteca da Escola Superior de Contas do TCE/MT Biblioteca da Escola Superior de Contas do TCE/MT 03/05/2010   347.991 S959 BIBTCEMT23120108 04/12/2023 Ex. 1 04/12/2023 Livros

Powered by Koha